NXT Champions by Year - 2019 & 2020 - Statistics

General Stats
  • This quiz has been taken 21 times
  • The average score is 23 of 30
Answer Stats
Title Date Event Wrestler % Correct
NXT Championship Jun 1, 2019 TakeOver: XXV Adam Cole
100%
Tag Team Aug 28, 2019 NXT Bobby Fish
100%
Tag Team Aug 28, 2019 NXT Kyle O'Reilly
100%
Women's Jun 7, 2020 TakeOver: In Your House Io Shirai
93%
NXT Championship Apr 5, 2019 TakeOver: New York Johnny Gargano
93%
North American Jan 26, 2019 TakeOver: Phoenix Johnny Gargano
93%
North American Oct 28, 2020 Halloween Havoc Johnny Gargano
93%
North American Dec 6, 2020 TakeOver: WarGames Johnny Gargano
93%
NXT Championship Jul 8, 2020 The Great American Bash Keith Lee
93%
North American Jan 22, 2020 NXT Keith Lee
93%
Women's Apr 5, 2020 WrestleMania 36 Charlotte Flair
86%
NXT Championship Sep 8, 2020 Super Tuesday II Finn Balor
86%
NXT Championship Aug 22, 2020 TakeOver XXX Karrion Kross
86%
Women's Dec 18, 2019 NXT Rhea Ripley
86%
North American Sep 18, 2019 NXT Roderick Strong
86%
North American Aug 22, 2020 TakeOver XXX Damian Priest
79%
Tag Team Jun 1, 2019 TakeOver: XXV Angelo Dawkins
71%
North American Nov 11, 2020 NXT Leon Ruff
71%
Tag Team Jun 1, 2019 TakeOver: XXV Montez Ford
71%
Tag Team Feb 16, 2020 TakeOver: Portland Pete Dunne
71%
North American Feb 20, 2019 NXT Velveteen Dream
71%
Tag Team Aug 26, 2020 NXT Fandango
64%
Tag Team Jan 26, 2019 TakeOver: Phoenix Hanson
64%
Tag Team Feb 16, 2020 TakeOver: Portland Matt Riddle
64%
Tag Team Jan 26, 2019 TakeOver: Phoenix Rowe
64%
Tag Team Aug 26, 2020 NXT Tyler Breeze
64%
Tag Team Oct 21, 2020 NXT Danny Burch
50%
Tag Team May 13, 2020 NXT Fabian Aichner
50%
Tag Team May 13, 2020 NXT Marcel Barthel
50%
Tag Team Oct 21, 2020 NXT Oney Lorcan
50%
No matching quizzes found
Score Distribution
Percent of People with Each Score
Percentile by Number Answered
Your Score History
You have not taken this quiz